La Revoluci贸n Industrial: (Record no. 31849)

MARC details
000 -LEADER
campo de control de longitud fija 00350nam a2200145Ia 4500
005 - FECHA Y HORA DE LA 脷LTIMA TRANSACCI脫N
campo de control 20251222153617.0
008 - DATOS DE LONGITUD FIJA--INFORMACI脫N GENERAL
campo de control de longitud fija 251222s9999||||xx |||||||||||||| ||spa||
020 ## - N脷MERO INTERNACIONAL EST脕NDAR DEL LIBRO
N煤mero Internacional Est谩ndar del Libro 8474231973
082 ## - N脷MERO DE LA CLASIFICACI脫N DECIMAL DEWEY
N煤mero de clasificaci贸n 330.942/M86
100 ## - ENTRADA PRINCIPAL--NOMBRE DE PERSONA
Nombre de persona Mori, Giorgio
245 #0 - MENCI脫N DEL T脥TULO
T铆tulo La Revoluci贸n Industrial:
250 ## - MENCION DE EDICION
Menci贸n de edici贸n 1ra.ed.
264 ## - PRODUCCI脫N, PUBLICACI脫N, DISTRIBUCI脫N, FABRICACI脫N Y COPYRIGHT
Nombre del de productor, editor, distribuidor, fabricante Grupo Editorial Grijalbo
942 ## - ELEMENTOS DE ENTRADA SECUNDARIOS (KOHA)
Tipo de 铆tem Koha Libros
Holdings
Estatus retirado Estado de p茅rdida Estado de da帽o No para pr茅stamo Biblioteca de origen Biblioteca actual Ubicaci贸n en estanter铆a Fecha de adquisici贸n Total de pr茅stamos Signatura topogr谩fica completa C贸digo de barras Visto por 煤ltima vez Precio de reemplazo Tipo de 铆tem Koha
        Biblioteca Nueva Cajamarca Biblioteca Nueva Cajamarca Programa 22/12/2025   330.942/M86 0024242 22/12/2025 22/12/2025 Libros